000 00403nam a22001697a 4500
999 _c1573
_d1572
005 20210902102932.0
008 160524b xxu||||| |||| 00| 0 eng d
020 _a978-0-07-463820-0
041 _aeng
082 _b4647
_a657
100 _aPorwal, L.S.
_96851
245 _aAccounting Theory
260 _aNew Delhi
_bAcademic Faundation
300 _a497
650 _aManagement
_9241
942 _cBK